00000000nam 2200000zi 4500
0019.946610
003CaOODSP
00520250515155224
006m     o  d f      
007cr |n|||||||||
008250108t20072005onca    o    f000 0 eng d
020 |z9780662451686
040 |aCaOODSP|beng|erda|cCaOODSP
043 |an-cn---
0861 |aV32-153/2007E-PDF|zV32-153/2007E
24500|aHeroes and poppies : |ban introduction to remembrance.
264 1|a[Ottawa] : |bVeterans Affairs Canada, |c2007.
264 4|c©2005
300 |a1 online resource (8 unnumbered pages) : |bcolour illustrations
336 |atext|btxt|2rdacontent
337 |acomputer|bc|2rdamedia
338 |aonline resource|bcr|2rdacarrier
500 |aIssued also in French under title: Héros et coquelicots, une introduction au souvenir.
500 |aDigitized edition from print [produced by Government of Canada Publications Directorate].
500 |aTitle from cover.
650 0|aRemembrance Day (Canada)
650 0|aPeacekeeping forces, Canadian.
650 6|aJour du Souvenir|zCanada.
650 6|aAnciens combattants|zCanada.
650 6|aForces de maintien de la paix canadiennes.
7101 |aCanada. |bVeterans Affairs Canada, |eissuing body.
7760#|tHeroes and poppies, an introduction to remembrance / |w(CaOODSP)9.650557
85640|qPDF|s10555 KB|uhttps://publications.gc.ca/collections/collection_2025/acc-vac/V32-153-2007-eng.pdf